00466nam a2200193Ia 4500008004100000020001800041050001400059100002000073245002000093245002000113260001500133260001600148260000900164300001500173300002700188300001000215440003900225500000800264170918s9999 xx 000 0 und d a9780789429605 bR892 1998 aRoyston, Angela aFire fighter! / cAngela Royston. aNew York : bScholastic, c1998 a32 pages : bcolored illustration ; c23cm. aReaders beginning to read alone 2. a400